000 00522nam a2200193Ia 4500
003 GCL
008 140319s9999 xx 000 0 aITALIAN d
040 _aGCL /
_cGCL
082 0 4 _a891.7
_bS E
100 1 _aSHIKAROVSKY, ARTHUR
245 1 0 _aEVERY THING BUT LOVE: SCIENCE FICTION STORIES /
_cSHIKAROVSKY, ARTHUR
260 _a[S.N] :
_bMIR PUBLISHERS ،
_c1973
300 _a175 P
650 0 4 _aLITERATURE
650 0 4 _aFICTION
650 0 4 _aRUSSIAN LITERATURE
650 0 4 _aRUSSIA - FICTION
942 _2ddc
_cBK
999 _c15274
_d15274